| 000 | 00520nam a22001697a 4500 | ||
|---|---|---|---|
| 999 |
_c8541 _d8541 |
||
| 008 | 201202b ||||| |||| 00| 0 eng d | ||
| 040 | _aBMS College of Architecture | ||
| 100 | _aR, Monisha | ||
| 245 | _aConvention and exhibition centre | ||
| 300 | _aiii,70p. | ||
| 500 | _a1BM13AT040 | ||
| 502 |
_8B,Arch _NBMS College of Architecture, Visvesvaraya Technological University (VTU) _aProject report _d2017 |
||
| 650 | _aExhibition | ||
| 700 |
_aShanu Raina _eGuide |
||
| 700 |
_aPraveen Alva _eGuide |
||
| 942 |
_2ddc _cTHE |
||